Bases para el control integrado de los gorgojos de la alfalfa /

Guardado en:
Otros Autores: Lanteri, Analía A. (dirección.)
Formato: Libro
Idioma:Spanish
Publicado: La Plata : De la Campana, 1994.
Materias:
Etiquetas: Agregar Etiqueta
Sin Etiquetas, Sea el primero en etiquetar este registro!
LEADER 00568nam a22001815a 4500
001 EUN.um038813
003 AR-BaUNS
005 20050623122910.0
008 041125s1994####ag#a##########000#0#spa#d
245 0 0 |a Bases para el control integrado de los gorgojos de la alfalfa /  |c Analía A. Lanteri. 
260 |a La Plata :  |b De la Campana,  |c 1994. 
300 |a 119 p. :  |b ilus ;  |c 23 cm. 
020 |a 9879973445 
700 1 |a Lanteri, Analía A.  |e dirección. 
082 0 4 |a 632.7 
653 |a Gorgojos 
653 |a Alfalfa 
859 |a Ar-BaUNS  |b BIB. CENTRAL - Sector A  |h 632.7  |i L294  |p 104514/995